000 00624nam 22001933 4500
001 200298
090 _a200298
100 _a20260202d u||y0pory50 ba
200 _aOs microrganismos e o homem
_fW. C. Noble, Jay Naidoo
210 _aSão Paulo
_cEditora Pedagógica e Universitária Ltda, Editora da Universidade de São Paulo
_d1981
215 _a[XII], 81 p.
_cil. ; brochado
_d21 cm
225 _aTemas de biologia
_v17
606 _912863
_aBiologia geral e teórica
675 _a573
_vBR
_zpor
700 _916116
_aNoble
_bW. C.
701 _916117
_aNaidoo
_bJay
801 _aPT
_bBMMN
_gRPC
830 _cVanda
990 _cLIVROS